000 00316nam a22001337a 4500
008 181101b xxu||||| |||| 00| 0 eng d
020 _a9780878223220
041 _aeng
080 _a159.9
100 _a48
101 _aPSI
245 _aAttention Deficit Hyperactivity Disorder
_cGreenberg,G.S
942 _2udc
_cBK
999 _c51471
_d51471